Biblioteca "Ernesto Sabato"
Facultad de Derecho y Ciencias Sociales
Facultad de Lenguas
Universidad Nacional del Comahue

DICCIONARIO de ciencias sociales y políticas (Record no. 32739)

MARC details
000 -CABECERA
campo de control de longitud fija 00641cam a22002412a 4500
001 - NÚMERO DE CONTROL
campo de control 017602
003 - IDENTIFICADOR DEL NÚMERO DE CONTROL
campo de control AR-FADEU
005 - FECHA Y HORA DE LA ÚLTIMA TRANSACCIÓN
campo de control 20180831080533.0
008 - DATOS DE LONGITUD FIJA--INFORMACIÓN GENERAL
campo de control de longitud fija 311216n2004####xxu####################dd
020 ## - ISBN
Número Internacional Estándar del Libro 950-99225-6-0
040 ## - FUENTE DE LA CATALOGACIÓN
Centro/agencia transcriptor Biblioteca Ernesto Sábato
092 ## - SIGNATURA TOPOGRÁFICA
Número de clasificación 300.3
Libristica D536
Sector REFE
245 ## - MENCIÓN DE TÍTULO
Título DICCIONARIO de ciencias sociales y políticas
260 ## - PUBLICACIÓN, DISTRIBUCIÓN, ETC. (PIE DE IMPRENTA)
Lugar de publicación, distribución, etc. Buenos Aires
260 ## - PUBLICACIÓN, DISTRIBUCIÓN, ETC. (PIE DE IMPRENTA)
Nombre del editor, distribuidor, etc. Puntosur
260 ## - PUBLICACIÓN, DISTRIBUCIÓN, ETC. (PIE DE IMPRENTA)
Fecha de publicación, distribución, etc. 1989
300 ## - DESCRIPCIÓN FÍSICA
Paginas 659 p
650 ## - Descriptores Tematicos
Término de materia o nombre geográfico como elemento inicial CIENCIAS SOCIALES-DICCIONARIO
650 ## - Descriptores Tematicos
Término de materia o nombre geográfico como elemento inicial CIENCIAS POLITICAS-DICCIONARIO
650 ## - Descriptores Tematicos
Término de materia o nombre geográfico como elemento inicial DICCIONARIOS
700 ## - Coautores y traductores
Nombre de persona Torcuato S., Di Tella, sup.
942 ## - ELEMENTOS DE PUNTO DE ACCESO ADICIONAL (KOHA)
Tipo de ítem Koha REFE
Fuente del sistema de clasificación o colocación Dewey Decimal Classification
Holdings
Estado de retiro Estado de pérdida Fuente del sistema de clasificación o colocación Estado dañado No para préstamo Código de colección Localización permanente Ubicación/localización actual Ubicación en estantería Fecha de adquisición Número de inventario Total de préstamos Signatura topográfica completa Código de barras Fecha visto por última vez Precio válido a partir de Tipo de ítem Koha
    Dewey Decimal Classification     Referencia Biblioteca Ernesto Sabato - FADECS - UNCOMA Biblioteca Ernesto Sabato - FADECS - UNCOMA Referencia 31/08/2018 23536   300.3 D536 23536 31/08/2018 31/08/2018 REFE
Facultad de Derecho y Ciencias Sociales | Universidad Nacional del Comahue | Mendoza y Perú General Roca | Río Negro CP (8332) | Patagonia Argentina | Teléfono: 54-0298-4433670 | | Fax: 0298-4432093 | Fax alumnos: 0298-4435700